000
00252nam a2200097Ia 4500
001
1250985
005
20251031150907.0
008
251031s9999 xx 000 0 und d
245
0
_c
MAZLUM AKIN
_a
İ-5 OTOMOBİL UÇAR GİDER
260
_b
TİMAŞ YAYINLARI
999
_c
1250985
_d
1250985